<?xml version="1.0" encoding="UTF-8"?>
<record
    xmlns:xsi="http://www.w3.org/2001/XMLSchema-instance"
    xsi:schemaLocation="http://www.loc.gov/MARC21/slim http://www.loc.gov/standards/marcxml/schema/MARC21slim.xsd"
    xmlns="http://www.loc.gov/MARC21/slim">

  <leader>01101cam#a2200301#i#4500</leader>
  <controlfield tag="001">NOT1768702205154</controlfield>
  <controlfield tag="003">OSt</controlfield>
  <controlfield tag="005">20260423085439.0</controlfield>
  <controlfield tag="007">ta</controlfield>
  <controlfield tag="008">260117s2026    quc              #  fre</controlfield>
  <controlfield tag="009">1</controlfield>
  <datafield tag="020" ind1=" " ind2=" ">
    <subfield code="a">9782898513886</subfield>
  </datafield>
  <datafield tag="024" ind1="3" ind2=" ">
    <subfield code="a">9782898513886</subfield>
  </datafield>
  <datafield tag="035" ind1=" " ind2=" ">
    <subfield code="a">(BTLF)NOT1768702205154</subfield>
  </datafield>
  <datafield tag="040" ind1=" " ind2=" ">
    <subfield code="a">BTLF</subfield>
    <subfield code="b">fre</subfield>
    <subfield code="e">rda</subfield>
    <subfield code="c">BTLF</subfield>
    <subfield code="d">SQTD</subfield>
  </datafield>
  <datafield tag="082" ind1="0" ind2=" ">
    <subfield code="a">MIC</subfield>
    <subfield code="2">23</subfield>
  </datafield>
  <datafield tag="100" ind1="1" ind2=" ">
    <subfield code="a">Michaud, Ariane,</subfield>
    <subfield code="d">1990-</subfield>
    <subfield code="e">auteur</subfield>
    <subfield code="9">1279081ad</subfield>
    <subfield code="8">1277176ad</subfield>
  </datafield>
  <datafield tag="245" ind1="1" ind2="0">
    <subfield code="a">Agathe l'amoureuse /</subfield>
    <subfield code="c">Ariane Michaud</subfield>
  </datafield>
  <datafield tag="300" ind1=" " ind2=" ">
    <subfield code="a">224 pages ;</subfield>
    <subfield code="c">22 cm</subfield>
  </datafield>
  <datafield tag="490" ind1="0" ind2=" ">
    <subfield code="a">Les triplettes ;</subfield>
    <subfield code="v">2</subfield>
  </datafield>
  <datafield tag="650" ind1="1" ind2="7">
    <subfield code="a">Fictions et romans sur la famille et la vie de tous les jours (Jeunesse)</subfield>
    <subfield code="2">thema</subfield>
  </datafield>
  <datafield tag="650" ind1="1" ind2="7">
    <subfield code="a">Fictions et romans sur les relations : amiti&#xE9;s (Jeunesse)</subfield>
    <subfield code="2">thema</subfield>
  </datafield>
  <datafield tag="650" ind1="1" ind2="7">
    <subfield code="a">Fictions et romans sur les relations : histoires d'amour (Jeunesse)</subfield>
    <subfield code="2">thema</subfield>
  </datafield>
  <datafield tag="650" ind1="1" ind2="7">
    <subfield code="a">Conscience et estime de soi (Jeunesse)</subfield>
    <subfield code="2">thema</subfield>
  </datafield>
  <datafield tag="650" ind1="1" ind2="7">
    <subfield code="a">Nouvelles / premi&#xE8;res exp&#xE9;riences et changements de vie (Jeunesse)</subfield>
    <subfield code="2">thema</subfield>
  </datafield>
  <datafield tag="655" ind1="1" ind2="7">
    <subfield code="a">Nouvelles / premi&#xE8;res exp&#xE9;riences et changements de vie (Jeunesse)</subfield>
  </datafield>
  <datafield tag="942" ind1=" " ind2=" ">
    <subfield code="2">ddc</subfield>
    <subfield code="c">BK</subfield>
  </datafield>
  <datafield tag="999" ind1=" " ind2=" ">
    <subfield code="c">43611</subfield>
    <subfield code="d">43611</subfield>
  </datafield>
  <datafield tag="952" ind1=" " ind2=" ">
    <subfield code="0">0</subfield>
    <subfield code="1">0</subfield>
    <subfield code="2">ddc</subfield>
    <subfield code="4">0</subfield>
    <subfield code="7">0</subfield>
    <subfield code="a">MAIN</subfield>
    <subfield code="b">MAIN</subfield>
    <subfield code="d">2026-04-23</subfield>
    <subfield code="l">0</subfield>
    <subfield code="o">MIC</subfield>
    <subfield code="p">209030</subfield>
    <subfield code="r">2026-05-19 12:33:27</subfield>
    <subfield code="w">2026-04-23</subfield>
    <subfield code="y">BK</subfield>
  </datafield>
</record>
